000
00262nam a2200109Ia 4500
008
220204s9999 xx 000 0 und d
082
_a
294.527
_b
HIT
100
_a
Littlemam, Richard L
245
0
_a
Be young with yoga
260
_a
USA
_b
Werner
_c
1962
942
_c
BK
999
_c
29994
_d
29994